Sair al-liyal (Record no. 1058126)

MARC details
000 -LEADER
fixed length control field 00634nam a2200253Ia 4500
003 - CONTROL NUMBER IDENTIFIER
control field OSt
005 - DATE AND TIME OF LATEST TRANSACTION
control field 20221005130715.0
008 - FIXED-LENGTH DATA ELEMENTS--GENERAL INFORMATION
fixed length control field 221004b |||||||| |||| 00| 0 ara d
037 ## - SOURCE OF ACQUISITION
Terms of availability Textual
040 ## - CATALOGING SOURCE
Original cataloging agency CRL
Transcribing agency CRL
Language of cataloging ara
041 ## - LANGUAGE CODE
Source of code ara
Language code of text/sound track or separate title ara
100 ## - MAIN ENTRY--PERSONAL NAME
Personal name shadyaq Au.
9 (RLIN) 638526
245 #0 - TITLE STATEMENT
Title Sair al-liyal
260 ## - PUBLICATION, DISTRIBUTION, ETC.
Date of publication, distribution, etc. 1867
490 ## - SERIES STATEMENT
Volume/sequential designation Vol.1
650 ## - SUBJECT ADDED ENTRY--TOPICAL TERM
Topical term or geographic name entry element LINGUISTICS
650 ## - SUBJECT ADDED ENTRY--TOPICAL TERM
Topical term or geographic name entry element ARABIC LANGUAGE
9 (RLIN) 31794
942 ## - ADDED ENTRY ELEMENTS (KOHA)
Classification part P28xM04,1, 28A67.1
Koha item type Textual
Source of classification or shelving scheme
Holdings
Withdrawn status Lost status Damaged status Not for loan Home library Current library Date acquired Serial Enumeration / chronology Total Checkouts Full call number Barcode Date last seen Price effective from Koha item type
        Central Library Central Library 2022-10-05 Vol.1   P28xM04,1 28A67.1 AL0011252 2022-10-05 2022-10-05 Textual
Copyright @ Delhi University Library System